Война и хлеб (Запись № 4732986)

Подробности
000 -МАРКЕР
контрольное поле 01599nam0a2200349 i 4500
001 - ИДЕНТИФИКАТОР ЗАПИСИ
контрольное поле RU\NLR\bibl\1997518
005 - ИДЕНТИФИКАТОР ВЕРСИИ
контрольное поле 20240921145537.0
010 ## - МЕЖДУНАРОДНЫЙ СТАНДАРТНЫЙ НОМЕР КНИГИ (ISBN)
Номер (ISBN) 9785858595137
Тираж 100
021 ## - НОМЕР ГОСУДАРСТВЕННОЙ РЕГИСТРАЦИИ
Код страны Российская Федерация
Номер 2013-769
Номер Листа государственной регистраци 53
035 ## - ДРУГИЕ СИСТЕМНЫЕ НОМЕРА
Идентификатор записи (NLR Aleph) 002068757
100 ## - ДАННЫЕ ОБЩЕЙ ОБРАБОТКИ
Данные общей обработки 20130206d2012 k y0rusy50 ca
101 0# - ЯЗЫК РЕСУРСА
Язык текста, звукозаписи и т.д. русский
102 ## - СТРАНА ПУБЛИКАЦИИ ИЛИ ПРОИЗВОДСТВА
Страна публикации Российская Федерация
105 ## - ПОЛЕ КОДИРОВАННЫХ ДАННЫХ: ТЕКСТОВЫЕ МАТЕРИАЛЫ, МОНОГРАФИЧЕСКИЕ
Кодированные данные о монографическом текстовом документе y |||||||||
200 1# - ЗАГЛАВИЕ И СВЕДЕНИЯ ОБ ОТВЕТСТВЕННОСТИ
Основное заглавие Война и хлеб
Сведения, относящиеся к заглавию история продовольственной политики государства на Южном Урале в годы Первой мировой войны
Первые сведения об ответственности Р.Р. Магомедов, Л.В. Гришакова
Последующие сведения об ответственности М-во образования и науки Рос. Федерации, ФГБОУ ВПО "Оренбургский гос. пед. ун-т"
210 ## - ПУБЛИКАЦИЯ, РАСПРОСТРАНЕНИЕ И ДР.
Место издания, распространения и т.д. Оренбург
Имя издателя, распространителя и т. д. ОГПУ
Дата издания, распространения и т.д. 2012
215 ## - ФИЗИЧЕСКАЯ ХАРАКТЕРИСТИКА
Специфическое обозначение материала и объем 171 с.
Размеры 20
320 ## - ПРИМЕЧАНИЯ О НАЛИЧИИ В ДОКУМЕНТЕ БИБЛИОГРАФИИ / УКАЗАТЕЛЯ
Текст примечания Библиогр.: с. 155-160 (76 назв.)
606 1# - НАИМЕНОВАНИЕ ТЕМЫ КАК ПРЕДМЕТ
Наименование темы Продовольственный вопрос
Географический подзаголовок Урал Южный
Хронологический подзаголовок 1914 - 1918
Системный номер авторитетной/нормативной записи 2161530
Идентификатор авторитетной/нормативной записи RU\NLR\auth\661605432
606 1# - НАИМЕНОВАНИЕ ТЕМЫ КАК ПРЕДМЕТ
Наименование темы Война и экономика
Географический подзаголовок Россия
Системный номер авторитетной/нормативной записи 2370955
Идентификатор авторитетной/нормативной записи RU\NLR\auth\661415197
686 ## - ИНДЕКСЫ ДРУГИХ КЛАССИФИКАЦИЙ
Индекс У9(28)-982
686 ## - ИНДЕКСЫ ДРУГИХ КЛАССИФИКАЦИЙ
Индекс У03(2Р36)6
686 ## - ИНДЕКСЫ ДРУГИХ КЛАССИФИКАЦИЙ
Индекс У9(28)-981
700 #1 - ИМЯ ЛИЦА - ПЕРВИЧНАЯ ОТВЕТСТВЕННОСТЬ
Начальный элемент ввода Магомедов
Часть имени, кроме начального элемента ввода Р. Р.
Расширение инициалов личного имени Рамазан Раджабович
Код отношения Автор
701 #1 - ИМЯ ЛИЦА - АЛЬТЕРНАТИВНАЯ ОТВЕТСТВЕННОСТЬ
Код отношения Автор
Начальный элемент ввода Гришакова
Часть имени, кроме начального элемента ввода Л. В.
Дополнения к именам, кроме дат канд. ист. наук
Расширение инициалов личного имени Лариса Валерьевна
Системный номер авторитетной/нормативной записи 200896
Идентификатор авторитетной/нормативной записи RU\NLR\AUTH\770200947
801 #0 - ИСТОЧНИК ЗАПИСИ
Страна Российская Федерация
Организация NLR
Дата составления 20130206
Правила каталогизации RCR
801 #1 - ИСТОЧНИК ЗАПИСИ
Страна Российская Федерация
Организация NLR
Дата составления 20130206
942 ## - ДОПОЛНИТЕЛЬНЫЕ ЭЛЕМЕНТЫ ЗАПИСИ (АБИС)
Тип экземпляра АБИС Книга
980 ## - КОЛЛЕКЦИЯ
Название коллекции НБР

Нет доступных экземпляров.